Charting the Global Energy Economy Research: Trends, Gaps, and Paradigm Shifts
Na minha lista:
| Autor principal: | |
|---|---|
| Outros Autores: | , , , |
| Formato: | Capítulo de Livro |
| Idioma: | inglês |
| Assuntos: | |
| Tags: |
Sem tags, seja o primeiro a adicionar uma tag!
|
MARC
| LEADER | 00000naa a2200000 4500 | ||
|---|---|---|---|
| 001 | 0314651 | ||
| 005 | 20260130133419.9 | ||
| 041 | 0 | |a eng | |
| 044 | |a CH | ||
| 245 | 1 | 0 | |a Charting the Global Energy Economy Research: Trends, Gaps, and Paradigm Shifts |c Valery Okulich-Kazarin, Artem Artiukhov, Nadiia Artyukhova, Tomasz Wołowiec, Sylwia Skrzypek-Ahmed |
| 610 | 2 | 0 | |a financie |
| 610 | 2 | 0 | |a financie udržateľné |
| 610 | 2 | 0 | |a plyn |
| 610 | 2 | 0 | |a emisie |
| 610 | 2 | 0 | |a regresia |
| 610 | 2 | 0 | |a investície |
| 610 | 2 | 0 | |a investície rozvojové |
| 610 | 2 | 0 | |a investície ekologické |
| 610 | 2 | 0 | |a rozvoj trvalo udržateľný |
| 610 | 2 | 0 | |a zdroje energie obnoviteľné |
| 100 | 1 | |a Okulich-Kazarin, Valery | |
| 700 | 1 | |a Artiukhov, Artem, 1983- | |
| 700 | 1 | |a Artiukhova, Nadiia, 1988- | |
| 700 | 1 | |a Wołowiec, Tomasz | |
| 700 | 1 | |a Skrzypek-Ahmed, Sylwia | |